English Loanwords By Language of Origin - Statistics

General Stats
  • This quiz has been taken 144 times
  • The average score is 7 of 15
Answer Stats
Word Original Language % Correct
Alcohol الكحول Arabic
99%
Karaoke カラオケ Japanese
87%
Taekwondo 태권도 / 跆拳道 Korean
86%
Borscht борщ Ukrainian / Russian
85%
Sauna Sauna Finnish
70%
Caviar خاویار Farsi
64%
Tycoon 大君 Japanese
64%
Bandana बन्धन Sanskrit
41%
Tomato Tomatl Nahuatl
31%
Bard Bardo / Bàrd / Bardd / Barz / Barth Gaulish / Middle Irish / Scottish Gaelic / Middle Welsh / Middle Breton / Old Cornish
27%
Kid (Noun) Kið Old Norse
24%
Barbecue Barbakoa / Barbicu Taíno / Timucua
18%
Taboo Tapu / Kapu Tongan / Hawaiian / Maori
15%
Racoon Ärähkun / Ärähkuněm Powhatan
3%
Gumbo Gombo / ochinggõmbo / kingombo Bambara / Umbundu / Kimbundu
2%
No matching quizzes found
Score Distribution
Percent of People with Each Score
Percentile by Number Answered
Your Score History
You have not taken this quiz